Podnikateľom ponúkame produkty šité na mieru OTP Banka má bohatú ponuku produktov aj pre poľnohospodárov

Rozhovor s Ing. Zitou Zemkovou, generálnou riaditeľkou OTP Banky Slovensko. Bankové produkty pre podnikateľov a projekty z EÚ fondov. Farmársky program pre poľnohospodárov. Investičné projekty a úverové produkty.

Enregistré dans:
Détails bibliographiques
Auteur principal: Ješko, Vladimír
Format: Chapitre de livre
Langue:slovaque
Sujets:
Tags: Ajouter un tag
Pas de tags, Soyez le premier à ajouter un tag!

MARC

LEADER 00000naa a2200000 4500
001 0127001
005 20220725111538.1
041 0 |a slo 
044 |a SK 
245 1 0 |a Podnikateľom ponúkame produkty šité na mieru  |b OTP Banka má bohatú ponuku produktov aj pre poľnohospodárov  |c Vladimír Ješko 
520 |a Rozhovor s Ing. Zitou Zemkovou, generálnou riaditeľkou OTP Banky Slovensko. Bankové produkty pre podnikateľov a projekty z EÚ fondov. Farmársky program pre poľnohospodárov. Investičné projekty a úverové produkty. 
610 2 0 |a banky 
610 2 0 |a banky obchodné 
610 2 0 |a služby bankové 
610 2 0 |a služby finančné 
610 2 0 |a úver hypotekárny 
610 2 0 |a úver investičný 
610 2 0 |a styk platobný 
610 2 0 |a karty platobné 
610 2 0 |a poradenstvo finančné 
610 2 0 |a klienti 
100 1 |a Ješko, Vladimír